000 00490nam a2200181Ia 4500
003 IN-BaIIA
008 211028s9999 xx 000 0 eng d
020 _a0-07-010517
040 _cIIA Library
080 _a535.33
_bCHA
100 _aChang, Raymond
_96848
245 0 _aBasic principles of spectroscopy
_cRaymod, Chang
260 _aNew York,
_bMcGraw-Hill
_c1971
300 _aix, 304p.
650 _aAstronomy and Astrophysics Thesaurus
650 _aSpectroscopy
_91535
942 _cBK
999 _c3849
_d3849